South Eastern Kenya University

Library Online Public Access Catalogue


Criminology (Record no. 7146)

MARC details
000 -LEADER
fixed length control field 00780cam a2200265 a 4500
001 - CONTROL NUMBER
control field 14845442
003 - CONTROL NUMBER IDENTIFIER
control field OSt
005 - DATE AND TIME OF LATEST TRANSACTION
control field 20150727090725.0
008 - FIXED-LENGTH DATA ELEMENTS--GENERAL INFORMATION
fixed length control field 070510s2009 caua b 001 0 eng
010 ## - LIBRARY OF CONGRESS CONTROL NUMBER
LC control number 2007928663
020 ## - INTERNATIONAL STANDARD BOOK NUMBER
International Standard Book Number 9781285108681
020 ## - INTERNATIONAL STANDARD BOOK NUMBER
International Standard Book Number 0495504092 (hardcover)
040 ## - CATALOGING SOURCE
Original cataloging agency SEKU
043 ## - GEOGRAPHIC AREA CODE
Geographic area code n-us---
050 00 - LIBRARY OF CONGRESS CALL NUMBER
Classification number HV 6025
Item number .S4 2009
100 1# - MAIN ENTRY--PERSONAL NAME
Personal name Siegel, Larry J.,
Dates associated with a name 1947-
245 10 - TITLE STATEMENT
Title Criminology
Remainder of title With CourseMate; Bergern Coommunity College.
Statement of responsibility, etc. Larry J. Siegel.
250 ## - EDITION STATEMENT
Edition statement 11th ed.
260 ## - PUBLICATION, DISTRIBUTION, ETC. (IMPRINT)
Place of publication, distribution, etc. Belmont, CA :
Name of publisher, distributor, etc. Thomson/Wadsworth,
Date of publication, distribution, etc. c2009.
300 ## - PHYSICAL DESCRIPTION
Extent xxvi, 633 p. :
Other physical details ill. (some col.) ;
Dimensions 29 cm.
500 ## - GENERAL NOTE
General note Includes passcode for Infotrac college edition.
650 #0 - SUBJECT ADDED ENTRY--TOPICAL TERM
Topical term or geographic name as entry element Criminology.
650 #0 - SUBJECT ADDED ENTRY--TOPICAL TERM
Topical term or geographic name as entry element Crime
Geographic subdivision United States.
942 ## - ADDED ENTRY ELEMENTS (KOHA)
Source of classification or shelving scheme Library of Congress Classification
Koha item type General circulation
Holdings
Withdrawn status Lost status Source of classification or shelving scheme Damaged status Not for loan Home library Current library Shelving location Date acquired Source of acquisition Total Checkouts Full call number Barcode Date last seen Price effective from Koha item type Public note
    Library of Congress Classification     School of Law Library School of Law Library General Stacks 27/07/2015 Donation Books for Africa   HV 6025 .S4 2009 2015/004839 27/07/2015 27/07/2015 General circulation amk
Kitui, Kenya.
+254736116989
library@seku.ac.ke